Mass communication law and ethics / (Record no. 14771)

000 -LEADER
fixed length control field 01140cam a2200325 a 4500
001 - CONTROL NUMBER
control field 2143575
003 - CONTROL NUMBER IDENTIFIER
control field OSt
005 - DATE AND TIME OF LATEST TRANSACTION
control field 20170105102904.0
008 - FIXED-LENGTH DATA ELEMENTS--GENERAL INFORMATION
fixed length control field 980714s1999 njuabk b 001 0 eng
010 ## - LIBRARY OF CONGRESS CONTROL NUMBER
LC control number 98036329
020 ## - INTERNATIONAL STANDARD BOOK NUMBER
International Standard Book Number 0805825991 (alk. paper)
040 ## - CATALOGING SOURCE
Original cataloging agency DLC
Transcribing agency DLC
Modifying agency DLC
043 ## - GEOGRAPHIC AREA CODE
Geographic area code n-us---
050 00 - LIBRARY OF CONGRESS CALL NUMBER
Classification number KF2750
Item number .M66 1999
082 00 - DEWEY DECIMAL CLASSIFICATION NUMBER
Classification number 343.73099
Edition number 21
Author Mark MOO 1999
100 1# - MAIN ENTRY--PERSONAL NAME
Personal name Moore, Roy L.
245 10 - TITLE STATEMENT
Title Mass communication law and ethics /
Statement of responsibility, etc. Roy L. Moore.
250 ## - EDITION STATEMENT
Edition statement 2nd ed.
260 ## - PUBLICATION, DISTRIBUTION, ETC.
Place of publication, distribution, etc. Mahwah, N.J. :
Name of publisher, distributor, etc. L. Erlbaum Associates,
Date of publication, distribution, etc. 1999.
300 ## - PHYSICAL DESCRIPTION
Extent xvi, 678 p. :
Other physical details ill., forms, map ;
Dimensions 26 cm.
440 #0 - SERIES STATEMENT/ADDED ENTRY--TITLE
Title LEA's communication series
504 ## - BIBLIOGRAPHY, ETC. NOTE
Bibliography, etc. note Includes bibliographical references and index.
650 #0 - SUBJECT ADDED ENTRY--TOPICAL TERM
Topical term or geographic name entry element Mass media
General subdivision Law and legislation
Geographic subdivision United States.
650 #0 - SUBJECT ADDED ENTRY--TOPICAL TERM
Topical term or geographic name entry element Journalistic ethics
Geographic subdivision United States.
650 #0 - SUBJECT ADDED ENTRY--TOPICAL TERM
Topical term or geographic name entry element Law and ethics.
856 42 - ELECTRONIC LOCATION AND ACCESS
Materials specified Publisher description
Uniform Resource Identifier <a href="http://www.loc.gov/catdir/enhancements/fy0709/98036329-d.html">http://www.loc.gov/catdir/enhancements/fy0709/98036329-d.html</a>
906 ## - LOCAL DATA ELEMENT F, LDF (RLIN)
a 7
b cbc
c orignew
d 1
e ocip
f 19
g y-gencatlg
942 ## - ADDED ENTRY ELEMENTS (KOHA)
Source of classification or shelving scheme
Koha item type Book
Holdings
Withdrawn status Lost status Damaged status Not for loan Collection code Permanent Location Current Location Shelving location Date acquired Total Checkouts Full call number Barcode Date last seen Price effective from Koha item type
          Centre for International Peace & Stability (CIPS) Centre for International Peace & Stability (CIPS) General Stacks 09/10/2013   343.73099 MOO 1999 CIPS0000882 10/21/2013 10/21/2013 Book
© 2023 Central Library, National University of Sciences and Technology. All Rights Reserved.